Statistics for Biggest Cities By Letter - J

Click here to take the quiz!

General Stats

  • This quiz has been taken 133 times
    (129 since last reset)
  • The average score is 6 of 20

Answer Stats

PopulationCountryCity% Correct
26,746,000IndonesiaJakarta
100%
7,426,000South AfricaJohannesburg
97%
780,000IsraelJerusalem
87%
3,413,000Saudi ArabiaJeddah
76%
1,101,000United StatesJacksonville
64%
3,208,000IndiaJaipur
50%
3,479,000ChinaJinan
22%
1,190,000IndiaJodhpur
20%
1,641,000ChinaJilin
19%
1,196,000BrazilJoao Pessoa
14%
1,325,000IndiaJabalpur
13%
1,640,000MalaysiaJohor-Bahru
12%
1,397,000IndiaJamshedpur
8%
920,000ChinaJiangmen
8%
1,080,000ChinaJiamusi
4%
840,000ChinaJinzhou
3%
1,092,000BrazilJoinville
3%
874,000IndiaJalandhar
2%
814,000ChinaJiaozuo
2%
1,044,000ChinaJiaxing
2%

Score Distribution

Percentile by Number Answered

Percent of People with Each Score

Your Score History

You have not taken this quiz since the last reset